[Event "BL2-Sued 1112"]
[Site "Germany"]
[Date "2012.03.18"]
[Round "8.8"]
[White "Wornath, Kai Rudolf"]
[Black "Chernyavskyy, Anton"]
[Result "1/2-1/2"]
[WhiteElo "2414"]
[BlackElo "2211"]
[PlyCount "121"]
[EventDate "2011.10.02"]
[EventType "team-tourn"]
[EventRounds "9"]
[EventCountry "GER"]
[SourceTitle "EXT 2015"]
[Source "ChessBase"]
[SourceDate "2014.11.20"]
[SourceVersion "1"]
[SourceVersionDate "2014.11.20"]
[SourceQuality "1"]
[WhiteTeam "Schott Mainz"]
[BlackTeam "Griesheim"]
[WhiteTeamCountry "GER"]
[BlackTeamCountry "GER"]

1. d4 Nf6 2. c4 g6 3. Nc3 Bg7 4. e4 d6 5. f3 0-0 6. Be3 c5 7. dxc5 dxc5 8. Qxd8 Rxd8 9. Bxc5 Nc6 10. Nd5 Nd7 11. Ba3 b6 12. 0-0-0 e6 13. Ne7+ Nxe7 14. Bxe7 Re8 15. Ba3 Nc5 16. Nh3 a5 17. Nf2 Ba6 18. b3 Rec8 19. Kb1 Rab8 20. Nd3 a4 21. Nxc5 bxc5 22. Kc2 axb3+ 23. axb3 Bd4 24. Bb2 e5 25. Bxd4 exd4 26. Bd3 Rb6 27. Ra1 f6 28. Ra5 Kf7 29. Rha1 Rcc6 30. g3 Bc8 31. Ra7+ Rb7 32. Rxb7+ Bxb7 33. Ra7 Rc7 34. b4 cxb4 35. Kb3 Ke6 36. Kxb4 g5 37. f4 gxf4 38. gxf4 Kd7 39. c5 Kc8 40. Ba6 Bxa6 41. Rxa6 Re7 42. Kc4 Rxe4 43. Rxf6 h5 44. Kd3 Re3+ 45. Kxd4 Rh3 46. Kd5 Rxh2 47. Kc6 Kd8 48. Rf8+ Ke7 49. Rh8 h4 50. Kd5 h3 51. c6 Rd2+ 52. Ke5 Rc2 53. Rh7+ Kf8 54. c7 h2 55. Kd6 Rd2+ 56. Ke6 Rc2 57. Kd7 Rd2+ 58. Kc8 Kg8 59. Rh5 Kf7 60. f5 Kf6 61. Kb7 1/2-1/2

[Event "Bundesliga 1011"]
[Site "Germany"]
[Date "2010.12.12"]
[Round "6.8"]
[White "Litwak, Aleksej"]
[Black "Chernyavskyy, Anton"]
[Result "1/2-1/2"]
[WhiteElo "2304"]
[BlackElo "2213"]
[PlyCount "81"]
[EventDate "2010.10.09"]
[EventType "team-tourn"]
[EventRounds "15"]
[EventCountry "GER"]
[SourceTitle "EXT 2012"]
[Source "ChessBase"]
[SourceDate "2011.11.24"]
[SourceVersion "1"]
[SourceVersionDate "2011.11.24"]
[SourceQuality "1"]
[WhiteTeam "Muelheim Nord"]
[BlackTeam "Griesheim"]
[WhiteTeamCountry "GER"]
[BlackTeamCountry "GER"]

1. e4 c5 2. Nf3 Nc6 3. d4 cxd4 4. Nxd4 Nf6 5. Nc3 e5 6. Ndb5 d6 7. Bg5 a6 8. Na3 b5 9. Nd5 Be7 10. Bxf6 Bxf6 11. c3 Bg5 12. Nc2 0-0 13. a4 bxa4 14. Rxa4 a5 15. Bc4 Rb8 16. b3 Be6 17. Nce3 Qd7 18. 0-0 Kh8 19. Qd3 f5 20. exf5 Bxf5 21. Nxf5 Qxf5 22. Qxf5 Rxf5 23. f3 g6 24. Re1 Rff8 25. Kf1 Rfc8 26. Re4 Rf8 27. Ke1 Bd8 28. Kd1 Rb7 29. Kc2 Ne7 30. Re2 Nxd5 31. Bxd5 Rb5 32. Rd2 Rc5 33. Rc4 Bb6 34. Rxc5 Bxc5 35. Kd3 Kg7 36. Ra2 Bb6 37. Ra4 Rb8 38. Rc4 Bc5 39. Ra4 Bb6 40. Ke4 Rf8 41. Kd3 1/2-1/2

[Event "Hessenliga 0506"]
[Site "Germany"]
[Date "2006.03.05"]
[Round "9.7"]
[White "Chernyavskyy, Anton"]
[Black "Bajramovic, Bego"]
[Result "1-0"]
[WhiteElo "2121"]
[BlackElo "2143"]
[PlyCount "65"]
[EventDate "2005.09.11"]
[EventType "team"]
[EventRounds "11"]
[EventCountry "GER"]
[SourceTitle "EXT 2007"]
[Source "ChessBase"]
[SourceDate "2006.11.23"]
[SourceVersion "1"]
[SourceVersionDate "2006.11.23"]
[SourceQuality "1"]
[WhiteTeam "Fulda"]
[BlackTeam "Giessen"]
[WhiteTeamCountry "GER"]
[BlackTeamCountry "GER"]

1. e4 e5 2. Nf3 f5 3. Nxe5 Qf6 4. Nc4 fxe4 5. Nc3 Qg6 6. d3 Bb4 7. Bd2 Bxc3 8. Bxc3 Nf6 9. Bxf6 gxf6 10. dxe4 Qxe4+ 11. Ne3 Qb4+ 12. c3 Qxb2 13. Rc1 0-0 14. Bc4+ Kh8 15. 0-0 Qa3 16. Qh5 d5 17. Bd3 Qe7 18. Nxd5 Qg7 19. Bf5 Bxf5 20. Qxf5 Nc6 21. Rce1 Ne5 22. f4 Ng6 23. Re6 c6 24. Nxf6 Nh4 25. Qg5 Qf7 26. Qxh4 Rad8 27. Nxh7 Qxh7 28. Rh6 Rd7 29. Re1 b5 30. Rxh7+ Rxh7 31. Qg5 Rg7 32. Qh6+ Kg8 33. Re5 1-0

[Event "Hessenliga 0506"]
[Site "Germany"]
[Date "2006.01.15"]
[Round "7.7"]
[White "Chernyavskyy, Anton"]
[Black "Prange, Dieter"]
[Result "1/2-1/2"]
[WhiteElo "2121"]
[BlackElo "2123"]
[PlyCount "134"]
[EventDate "2005.09.11"]
[EventType "team"]
[EventRounds "11"]
[EventCountry "GER"]
[SourceTitle "EXT 2007"]
[Source "ChessBase"]
[SourceDate "2006.11.23"]
[SourceVersion "1"]
[SourceVersionDate "2006.11.23"]
[SourceQuality "1"]
[WhiteTeam "Fulda"]
[BlackTeam "Marburg"]
[WhiteTeamCountry "GER"]
[BlackTeamCountry "GER"]

1. e4 e5 2. Nf3 Nc6 3. d4 exd4 4. Nxd4 Nf6 5. Nxc6 bxc6 6. e5 Ne4 7. Nd2 Nxd2 8. Bxd2 Bc5 9. Qg4 Kf8 10. Bd3 h5 11. Qe4 h4 12. 0-0-0 Qe7 13. f4 Rb8 14. Bc3 Bb4 15. Bxb4 Rxb4 16. Qe2 d5 17. Rhf1 g6 18. f5 gxf5 19. Bxf5 Qg5+ 20. Qd2 Qxd2+ 21. Rxd2 Bxf5 22. Rxf5 Re4 23. Rdf2 Rh7 24. Rf6 Rxe5 25. Rxc6 Re7 26. Kd2 Rh5 27. Kd3 h3 28. gxh3 Rxh3+ 29. Kd4 Rh5 30. Kc5 Rd7 31. Ra6 d4+ 32. Kc4 Rh4 33. Rxa7 d3+ 34. Kc3 dxc2 35. Kxc2 Ke7 36. Ra6 f5 37. Re2+ Kf7 38. Rf2 Ke7 39. b3 Rd5 40. Re2+ Kd7 41. Rf6 f4 42. a4 Kc8 43. Kc3 Kb7 44. Rf2 Rdh5 45. R6xf4 Rxh2 46. Rxh2 Rxh2 47. Kc4 Rh5 48. Rd4 Kc6 49. Rg4 Rf5 50. b4 Rh5 51. a5 Rh1 52. Rg6+ Kb7 53. Kb5 Rh5+ 54. Ka4 Rh1 55. a6+ Ka7 56. Rc6 Kb8 57. Kb5 Rg1 58. a7+ Kxa7 59. Rxc7+ Kb8 60. Kb6 Rg8 61. b5 Rh8 62. Rd7 Rh6+ 63. Kc5 Rg6 64. Rd8+ Kb7 65. Rh8 Rf6 66. Rh7+ Kb8 67. b6 Rf1 1/2-1/2

[Event "Hessenliga 0506"]
[Site "Germany"]
[Date "2005.09.25"]
[Round "2.7"]
[White "Schindler, Viktor2222"]
[Black "Chernyavskyy, Anton"]
[Result "1-0"]
[WhiteElo "2107"]
[BlackElo "2121"]
[PlyCount "69"]
[EventDate "2005.09.11"]
[EventType "team"]
[EventRounds "11"]
[EventCountry "GER"]
[SourceTitle "EXT 2007"]
[Source "ChessBase"]
[SourceDate "2006.11.23"]
[SourceVersion "1"]
[SourceVersionDate "2006.11.23"]
[SourceQuality "1"]
[WhiteTeam "Limburg"]
[BlackTeam "Fulda"]
[WhiteTeamCountry "GER"]
[BlackTeamCountry "GER"]

1. d4 Nf6 2. e3 g6 3. f4 Bg7 4. Bd3 d6 5. Nf3 c5 6. c3 Nc6 7. Nbd2 Nd5 8. Ne4 cxd4 9. exd4 0-0 10. 0-0 Bf5 11. Qe2 Rc8 12. Re1 Qb6 13. Nf2 Bxd3 14. Qxd3 Bh6 15. Ng5 Rcd8 16. Qh3 Bxg5 17. fxg5 e5 18. Qf3 Nce7 19. dxe5 dxe5 20. Rxe5 Rd6 21. Qe2 Nf5 22. g3 Re6 23. Rxe6 fxe6 24. Kg2 Nfe3+ 25. Bxe3 Nxe3+ 26. Kh3 Qc5 27. Ng4 Nxg4 28. Qxg4 Qe3 29. Rd1 Rf5 30. Rd8+ Kf7 31. Qd4 Qxg5 32. Qd7+ Qe7 33. Qc8 Kf6 34. Rd7 Rc5 35. Qh8+ 1-0